Một vòng hoàng đạo 2017 - Kim Ngưu Sách tham khảo

Trình bày những kiến thức cơ bản về chiêm tinh học. Dự báo tổng quan và chi tiết về sức khoẻ, tình cảm, công việc, học tập... của những người thuộc chòm sao Kim Ngưu trong cung Hoàng đạo năm 2017; từ đó đưa ra những lời khuyên cho người đọ...

全面介绍

Đã lưu trong:
书目详细资料
格式: 图书
语言:Vietnamese
出版: H. Nxb. Hà Nội ; Công ty Văn hoá và Truyền thông AZ Việt Nam 2016
主题:
标签: 添加标签
没有标签, 成为第一个标记此记录!
Thư viện lưu trữ: Thư viện Trường Đại học Nam Cần Thơ
LEADER 01115nam a22001817a 4500
001 NCT_4_005160
008 240302b xxu||||| |||| 00| 0 vie d
999 |c 8140  |d 8140 
020 |c 48000 
082 0 4 |2 23rd ed.  |a 133.5267  |b M458V 
245 0 0 |a Một vòng hoàng đạo 2017 - Kim Ngưu  |b Sách tham khảo  |c Lovedia 
260 |a H.  |b Nxb. Hà Nội ; Công ty Văn hoá và Truyền thông AZ Việt Nam  |c 2016 
300 |a 139tr.  |b hình vẽ, bảng  |c 19cm 
520 3 |a Trình bày những kiến thức cơ bản về chiêm tinh học. Dự báo tổng quan và chi tiết về sức khoẻ, tình cảm, công việc, học tập... của những người thuộc chòm sao Kim Ngưu trong cung Hoàng đạo năm 2017; từ đó đưa ra những lời khuyên cho người đọc. 
653 |a Tham khảo 
942 |2 ddc  |c BK 
952 |0 0  |1 0  |2 ddc  |4 0  |6 133_526700000000000_M458V  |7 0  |9 28688  |a 000001  |b 000001  |d 2024-03-02  |o 133.5267 M458V  |p TK.03882  |r 2024-03-02  |v 48000.00  |w 2024-03-02  |y BK 
980 |a Thư viện Trường Đại học Nam Cần Thơ